ՀՀ Գիտությունների ազգային ակադեմիայի հիմնարար գիտական գրադարան  =   Fundamental Scientific Library of NAS RA
Normal view MARC view

Entry Personal Name

Number of records used in: 26

001 - CONTROL NUMBER

  • control field: 1072

003 - CONTROL NUMBER IDENTIFIER

  • control field: AM-YEHGA

005 - DATE AND TIME OF LATEST TRANSACTION

  • control field: 20250617070425.0

008 - FIXED-LENGTH DATA ELEMENTS

  • fixed length control field: 041129 a|ac|n|aab||||||||||||a |n|||||||

040 ## - CATALOGING SOURCE

  • Original cataloging agency: AM-YEHGA

100 1# - HEADING--PERSONAL NAME

  • Personal name: Սարգսյան, Ֆադեյ Տաճատի,
  • Dates associated with a name: 1923-2010

370 ## - ASSOCIATED PLACE

  • Place of birth: ք. Երևան (Հայաստան)
  • Place of death: ք. Երևան (Հայաստան)

372 ## - FIELD OF ACTIVITY

  • Field of activity: Էլեկտրոնային հաշվողական տեխնիկա
  • Field of activity: Կառավարման ավտոմատացված համակարգեր
  • Field of activity: Ռադիոլոկացիոն համակարգեր
  • Field of activity: Քաղաքականություն

373 ## - ASSOCIATED GROUP

  • Associated group: Հայաստանի ազգային պոլիտեխնիկական համալսարան
  • Start period: 1940
  • End period: 1942

374 ## - OCCUPATION

  • Occupation: Քաղաքական գործիչ
  • Occupation: Հաշվողական տեխնիկայի և կառավարման համակարգերի բնագավառի գիտնական

375 ## - GENDER

  • Gender: Արական

400 1# - SEE FROM TRACING--PERSONAL NAME

  • Personal name: Սարգսյան, Ֆ.Տ.
  • Fuller form of name: (Ֆադեյ Տաճատի),
  • Dates associated with a name: 1923-2010

400 1# - SEE FROM TRACING--PERSONAL NAME

  • Personal name: Саркисян, Фадей Тачатович,
  • Dates associated with a name: 1923-2010

400 1# - SEE FROM TRACING--PERSONAL NAME

  • Personal name: Саркисян, Ф.Т.
  • Fuller form of name: (Фадей Тачатович),
  • Dates associated with a name: 1923-2010

400 1# - SEE FROM TRACING--PERSONAL NAME

  • Personal name: Sargsyan, Fadey Tachati,
  • Dates associated with a name: 1923-2010

670 ## - SOURCE DATA FOUND

  • Uniform Resource Identifier: https://hy.wikipedia.org/wiki/Ֆադեյ_Սարգսյան

670 ## - SOURCE DATA FOUND

  • Uniform Resource Identifier: https://www.sci.am/membersview.php?id=1&langid=1

670 ## - SOURCE DATA FOUND

  • Uniform Resource Identifier: http://am.hayazg.info/Սարգսյան_Ֆադեյ_Տաճատի

670 ## - SOURCE DATA FOUND

  • Uniform Resource Identifier: http://surl.li/iavtc

670 ## - SOURCE DATA FOUND

  • Source citation: Հայկական համառոտ հանրագիտարան, 2003 :
  • Information found: հ. 4 (Սարգսյան Ֆադեյ Տաճատի (ծ. 18.9.1923, Երևան), կառավարման համակարգերի բնագ. գիտնական, պետ. գործիչ։ Տեխ. գիտ. դ-ր (1975), ՀՀ ԳԱԱ ակադ. (1977), գեներալ-մայոր (1970)։ ՀՀ ԳԱԱ նախագահ (1993-ից)։ Միջազգ. ակադ-ների անդամ։ ԽՍՀՄ (1979-89), ՀԽՍՀ (1963-88) ԳԽ, ՀՀ ԱԺ պատգմ. (1995-99 և 1999-2003)։ ԽՍՀՄ (1971, 1981) և ՈՒկր. ԽՍՀ (1986) պետ. մրց-ներ։ ՌԴ բնական գիտ-ների ակադ-ի պատվ. մեդալ (2002), Հանովերի (Գերմանիա) բն. գիտ-ների և արգ-ների ին-տի «Ոսկե թագ» աստղ (2002))

670 ## - SOURCE DATA FOUND

  • Source citation: Национальная Академия наук Республики Армения за 60 лет, 2003 :
  • Information found: т. л. (Редкол.: Ф.Т. Саркисян (пред.) и др.)

670 ## - SOURCE DATA FOUND

  • Source citation: Կյանքի դասերը (Հուշեր), 2000 :
  • Information found: տիտղթ. (Ֆ. Սարգսյան)


ՀՀ ԳԱԱ հիմնարար գիտական գրադարան
ՀՀ,Երևան 0019
Մարշալ Բաղրամյան 24/6
հեռախոս:(374-10) 52-47-50
Հետադարձ կապ

All site content, except where otherwise noted, is licensed under a
Creative Commons License